Selected Kanada short stories / (Record no. 130147)
[ view plain ]
| 000 -LEADER | |
|---|---|
| fixed length control field | 00686nam a22002417a 4500 |
| 005 - DATE AND TIME OF LATEST TRANSACTION | |
| control field | 20170124110107.0 |
| 010 ## - LIBRARY OF CONGRESS CONTROL NUMBER | |
| LC control number | A-705037 |
| 020 ## - INTERNATIONAL STANDARD BOOK NUMBER | |
| Terms of availability | 75.00 |
| International Standard Book Number | 8172012489 |
| 035 ## - SYSTEM CONTROL NUMBER | |
| System control number | A-705037 |
| 037 ## - SOURCE OF ACQUISITION | |
| Source of stock number/acquisition | Cen Lib/Ret |
| 040 ## - CATALOGING SOURCE | |
| Original cataloging agency | DPL |
| Language of cataloging | EN |
| 082 ## - DEWEY DECIMAL CLASSIFICATION NUMBER | |
| Classification number | S |
| Item number | AMU |
| 100 ## - MAIN ENTRY--PERSONAL NAME | |
| Personal name | Amur, G.S. |
| 9 (RLIN) | 27680 |
| 245 ## - TITLE STATEMENT | |
| Title | Selected Kanada short stories / |
| Statement of responsibility, etc | by G.S.Amur |
| 260 ## - PUBLICATION, DISTRIBUTION, ETC. (IMPRINT) | |
| Place of publication, distribution, etc | New Delhi |
| Name of publisher, distributor, etc | Sahitya Akademi |
| Date of publication, distribution, etc | 1993 |
| 270 ## - ADDRESS | |
| Address | Rabindra Bhavan,35,Ferozeshah Road |
| City | New Delhi |
| Postal code | 110001 |
| 300 ## - PHYSICAL DESCRIPTION | |
| Extent | xxiv,300p. |
| Dimensions | 20cm(Hb) |
| 500 ## - GENERAL NOTE | |
| General note | Includes glossary |
| 650 ## - SUBJECT ADDED ENTRY--TOPICAL TERM | |
| Topical term or geographic name as entry element | Short stories, Canadian |
| 9 (RLIN) | 28433 |
| 650 ## - SUBJECT ADDED ENTRY--TOPICAL TERM | |
| Topical term or geographic name as entry element | Manners and customs |
| Geographic subdivision | Canada |
| 9 (RLIN) | 28434 |
| 700 ## - ADDED ENTRY--PERSONAL NAME | |
| 9 (RLIN) | 28179 |
| 942 ## - ADDED ENTRY ELEMENTS (KOHA) | |
| Source of classification or shelving scheme | Dewey Decimal Classification |
| Koha item type | English Books |
| Classification part | S |
| Call number suffix | AMU |
| Withdrawn status | Lost status | Damaged status | Not for loan | Home library | Current library | Date acquired | Source of acquisition | Cost, normal purchase price | Total Checkouts | Full call number | Barcode | Date last seen | Copy number | Cost, replacement price | Price effective from | Koha item type | Public note |
|---|---|---|---|---|---|---|---|---|---|---|---|---|---|---|---|---|---|
| Written off | Central Library | Central Library | 08/07/2015 | Cen Lib/Ret | 75.00 | S AMU | A-705037 | 08/07/2015 | 1 | 75.00 | 08/07/2015 | English Books | W/d List No. 6862/18 ; dtd 06/08/2020 |
